[Event "Padova op-A 13th"]
[Site "Padova"]
[Date "2010.12.18"]
[Round "8.11"]
[White "Zordan, Antonio"]
[Black "Zuttioni, Federico"]
[Result "1-0"]
[WhiteElo "1778"]
[BlackElo "1968"]
[PlyCount "93"]
[EventDate "2010.12.12"]
[EventType "swiss"]
[EventRounds "9"]
[EventCountry "ITA"]
[SourceTitle "EXT 2024"]
[Source "ChessBase"]
[SourceDate "2023.10.10"]
[SourceVersion "1"]
[SourceVersionDate "2023.10.10"]
[SourceQuality "1"]

1. e4 e5 2. Nf3 Nc6 3. Bc4 Bc5 4. c3 Nf6 5. d4 exd4 6. cxd4 Bb4+ 7. Bd2 Bxd2+ 8. Nbxd2 d5 9. exd5 Nxd5 10. 0-0 0-0 11. Rc1 Bf5 12. Nb3 Rb8 13. Ne5 Nce7 14. Qf3 c6 15. Rfd1 Nb6 16. Nxf7 Qc7 17. Nh6+ Kh8 18. Nf7+ Kg8 19. Nh6+ Kh8 20. Nf7+ Rxf7 21. Bxf7 Rf8 22. Be6 Qd6 23. Nc5 Nbd5 24. g4 b6 25. gxf5 bxc5 26. dxc5 Qxe6 27. fxe6 Rxf3 28. Rc4 Rf6 29. Re1 h6 30. Ra4 Nc8 31. Rxa7 Nce7 32. a4 Kh7 33. a5 Rf4 34. b3 Rf3 35. Rb7 Kg6 36. a6 Kf5 37. a7 Ng6 38. Rf7+ Nf6 39. Rxf6+ gxf6 40. a8Q Nf4 41. Qxc6 Rxb3 42. Qe4+ Kg5 43. h4+ Kg4 44. Qxf4+ Kxf4 45. e7 f5 46. e8Q h5 47. Qe5+ 1-0

[Event "Padova op-A 13th"]
[Site "Padova"]
[Date "2010.12.16"]
[Round "6.18"]
[White "Zordan, Antonio"]
[Black "De Marchi, Alessandro"]
[Result "1-0"]
[WhiteElo "1778"]
[BlackElo "1666"]
[PlyCount "45"]
[EventDate "2010.12.12"]
[EventType "swiss"]
[EventRounds "9"]
[EventCountry "ITA"]
[SourceTitle "EXT 2024"]
[Source "ChessBase"]
[SourceDate "2023.10.10"]
[SourceVersion "1"]
[SourceVersionDate "2023.10.10"]
[SourceQuality "1"]

1. e4 c5 2. c4 e6 3. Nc3 a6 4. Nf3 Nc6 5. d4 cxd4 6. Nxd4 Qc7 7. Be3 Nf6 8. Bd3 Ne5 9. Qe2 Nxd3+ 10. Qxd3 Bb4 11. Bd2 d5 12. exd5 0-0 13. 0-0 Ng4 14. f4 e5 15. fxe5 Nxe5 16. Qg3 Bc5 17. Be3 Bd7 18. Ne4 Bxd4 19. Bxd4 Rae8 20. Nf6+ Kh8 21. Nxe8 Rxe8 22. Rxf7 g6 23. Qh4 1-0

[Event "Padova op-A 13th"]
[Site "Padova"]
[Date "2010.12.15"]
[Round "5.17"]
[White "Di Lazzaro, Gabriele"]
[Black "Zordan, Antonio"]
[Result "1/2-1/2"]
[WhiteElo "1901"]
[BlackElo "1778"]
[PlyCount "141"]
[EventDate "2010.12.12"]
[EventType "swiss"]
[EventRounds "9"]
[EventCountry "ITA"]
[SourceTitle "EXT 2024"]
[Source "ChessBase"]
[SourceDate "2023.10.10"]
[SourceVersion "1"]
[SourceVersionDate "2023.10.10"]
[SourceQuality "1"]

1. e4 c5 2. Nf3 g6 3. c3 Bg7 4. d4 cxd4 5. cxd4 Nc6 6. Nc3 d6 7. Be2 Nf6 8. d5 Nb8 9. 0-0 0-0 10. Be3 Nbd7 11. Qc2 Nc5 12. Rac1 a5 13. h3 Bd7 14. Nd4 Rc8 15. Qb1 Ne8 16. b4 axb4 17. Qxb4 Nc7 18. Qb1 N7a6 19. Bb5 e6 20. Bxd7 Qxd7 21. dxe6 fxe6 22. Rfd1 Rfd8 23. Nde2 Rc6 24. Nb5 Qe7 25. Bd4 Bh6 26. Rc3 Rb6 27. Rf3 Qe8 28. Nec3 Rc8 29. a4 Nc7 30. Bxc5 dxc5 31. Rfd3 Nxb5 32. Nxb5 Bg7 33. Qa2 Ra8 34. Qc4 Bf8 35. Rd7 Qb8 36. Nc7 Raa6 37. Nxa6 bxa6 38. Qc2 Rb2 39. Qc3 Rb7 40. Rxb7 Qxb7 41. Qe5 Kf7 42. Qf4+ Kg7 43. e5 Be7 44. Qc4 Qc6 45. Rd3 h6 46. Rf3 g5 47. Re3 Qb6 48. Rb3 Qc6 49. Re3 Qb6 50. Kh2 a5 51. Rb3 Qc6 52. Rb5 Qd5 53. Qe2 Bd8 54. g3 Bc7 55. f4 Bd8 56. Qc2 Qf3 57. Qg2 Qe3 58. Rb7+ Kg6 59. Rd7 Bb6 60. Rd6 c4 61. Rxe6+ Kf7 62. Rf6+ Ke7 63. Qb7+ Ke8 64. Rxb6 Qf2+ 65. Qg2 Qxb6 66. Qa8+ Ke7 67. Qg2 c3 68. Qe4 Qf2+ 69. Kh1 Qf1+ 70. Kh2 Qf2+ 71. Kh1 1/2-1/2

[Event "Mogliano Veneto op-B 31st"]
[Site "Mogliano Veneto"]
[Date "2010.05.02"]
[Round "5"]
[White "Franciosi, Claudio"]
[Black "Zordan, Antonio"]
[Result "0-1"]
[WhiteElo "1697"]
[BlackElo "1777"]
[PlyCount "70"]
[EventDate "2010.04.30"]
[EventType "swiss"]
[EventRounds "5"]
[EventCountry "ITA"]
[SourceTitle "EXT 2023"]
[Source "ChessBase"]
[SourceDate "2022.10.05"]
[SourceVersion "1"]
[SourceVersionDate "2022.10.05"]
[SourceQuality "1"]

1. e4 e5 2. Nf3 Nc6 3. Bb5 a6 4. Ba4 b5 5. Bb3 Bc5 6. 0-0 Nf6 7. c3 Bb6 8. Re1 0-0 9. d4 d6 10. h3 Qe7 11. Bg5 h6 12. Bxf6 Qxf6 13. Bd5 Bb7 14. dxe5 dxe5 15. Nbd2 Rad8 16. Qe2 Na5 17. Bxb7 Nxb7 18. b4 c5 19. a4 cxb4 20. axb5 bxc3 21. Nc4 axb5 22. Nxb6 Qxb6 23. Nxe5 Rd2 24. Qg4 Qxf2+ 25. Kh1 b4 26. Rf1 Qe2 27. Qg3 Qxe4 28. Nxf7 Rxf7 29. Ra8+ Nd8 30. Rxf7 Kxf7 31. Qc7+ Qe7 32. Qc4+ Kf8 33. Qf4+ Kg8 34. Rb8 Rd1+ 35. Kh2 Qd6 0-1

[Event "Mogliano Veneto op-B 31st"]
[Site "Mogliano Veneto"]
[Date "2010.05.02"]
[Round "4"]
[White "Zordan, Antonio"]
[Black "Gioga, Michele"]
[Result "1/2-1/2"]
[WhiteElo "1777"]
[BlackElo "1676"]
[PlyCount "58"]
[EventDate "2010.04.30"]
[EventType "swiss"]
[EventRounds "5"]
[EventCountry "ITA"]
[SourceTitle "EXT 2023"]
[Source "ChessBase"]
[SourceDate "2022.10.05"]
[SourceVersion "1"]
[SourceVersionDate "2022.10.05"]
[SourceQuality "1"]

1. e4 d5 2. exd5 Qxd5 3. Nc3 Qe5+ 4. Qe2 Qxe2+ 5. Bxe2 Nf6 6. Nf3 Bf5 7. d3 c6 8. 0-0 e6 9. Nh4 Bg4 10. f3 Bc5+ 11. Kh1 Bh5 12. g4 Bg6 13. Nxg6 hxg6 14. Kg2 Nbd7 15. Ne4 Bb6 16. c3 Bc7 17. f4 Nxe4 18. dxe4 Nc5 19. e5 g5 20. fxg5 Bxe5 21. Bf4 Nd7 22. Rad1 Bxf4 23. Rxf4 Ke7 24. Bc4 Nb6 25. Bb3 Nd5 26. Re4 Rad8 27. Rde1 g6 28. Kg3 Nc7 29. R1e2 Rd3+ 1/2-1/2

[Event "Padova op-A 12th"]
[Site "Padova"]
[Date "2009.12.14"]
[Round "3.17"]
[White "Zordan, Antonio"]
[Black "Battagin, Mose"]
[Result "0-1"]
[WhiteElo "1789"]
[BlackElo "1916"]
[PlyCount "66"]
[EventDate "2009.12.13"]
[EventType "swiss"]
[EventRounds "9"]
[EventCountry "ITA"]
[SourceTitle "EXT 2024"]
[Source "ChessBase"]
[SourceDate "2023.10.10"]
[SourceVersion "1"]
[SourceVersionDate "2023.10.10"]
[SourceQuality "1"]

1. c4 g6 2. Nc3 Bg7 3. e4 d6 4. d4 Nf6 5. f3 0-0 6. Bd3 Nc6 7. Nge2 a6 8. h4 h5 9. Rg1 e5 10. d5 Nd4 11. Bg5 c6 12. Nxd4 exd4 13. Ne2 cxd5 14. cxd5 Re8 15. Qd2 Qb6 16. b4 Bd7 17. Kf2 Bb5 18. Rgb1 Nd7 19. Kf1 Ne5 20. Nc1 Rac8 21. Rb3 Ba4 22. Rb2 Rc3 23. Qe2 Nxd3 24. Nxd3 Rxd3 25. b5 Rc3 26. bxa6 Qxa6 27. Qxa6 bxa6 28. Rb6 Bb5+ 29. Ke1 Be5 30. Bd2 Bg3+ 31. Kd1 Rd3 32. a4 Bc4 33. Rc1 Rxd2+ 0-1